[Event "LSS No Engine Cup 90 Preliminary 1"]
[Site "LSS email"]
[Date "2013.07.01"]
[Round "?"]
[White "Campbell, Iain S"]
[Black "Husemann, Andreas"]
[Result "0-1"]
[WhiteElo "1459"]
[BlackElo "2113"]
[PlyCount "48"]
[EventDate "2013.07.02"]
[EventType "tourn (corr)"]
[EventRounds "6"]
[EventCountry "GER"]
[SourceTitle "Telechess CBM 163"]
[Source "ChessBase"]
[SourceDate "2014.11.11"]
[SourceVersion "2"]
[SourceVersionDate "2014.11.11"]
[SourceQuality "1"]

1. d4 Nf6 2. c4 g6 3. g3 Bg7 4. Bg2 0-0 5. Nf3 d6 6. Nc3 Nc6 7. 0-0 a6 8. Qd3 Bd7 9. d5 Nb4 10. Qd1 a5 11. a3 Na6 12. Be3 c6 13. Bd4 e5 14. dxe6 Bxe6 15. Nd2 Qe7 16. h3 Rfe8 17. e4 Nc5 18. Qc2 Nfxe4 19. Bxc5 Nxc5 20. g4 f5 21. Rae1 fxg4 22. b4 gxh3 23. Bf3 Qg5+ 24. Kh1 Bf5 0-1

[Event "CP-2011-P-00066"]
[Site "LSS email"]
[Date "2011.09.30"]
[Round "?"]
[White "Nichols, Scott"]
[Black "Campbell, Iain S"]
[Result "1-0"]
[WhiteElo "2244"]
[BlackElo "1462"]
[PlyCount "51"]
[EventDate "2011.10.01"]
[EventType "tourn (corr)"]
[EventRounds "6"]
[EventCountry "GER"]
[SourceTitle "Telechess CBM 157"]
[Source "ChessBase"]
[SourceDate "2013.11.12"]
[SourceVersion "1"]
[SourceVersionDate "2013.11.12"]
[SourceQuality "1"]

1. e4 e6 2. d4 d5 3. Nd2 c5 4. exd5 Qxd5 5. Ngf3 cxd4 6. Bc4 Qd6 7. 0-0 Nf6 8. Nb3 Nc6 9. Nbxd4 Nxd4 10. Nxd4 a6 11. Re1 Qc7 12. Bf1 Bd7 13. Qf3 Be7 14. Bf4 Qb6 15. Be5 0-0 16. a4 a5 17. Bd3 Nd5 18. c4 f6 19. Qh5 h6 20. Qg6 fxe5 21. cxd5 Rf6 22. Qh7+ Kf7 23. Be2 Rg8 24. dxe6+ Bxe6 25. Nxe6 Qxe6 26. Rac1 1-0

[Event "LSS No Engine Cup 51 Preliminary 6"]
[Site "LSS email"]
[Date "2011.09.29"]
[Round "?"]
[White "Campbell, Iain S"]
[Black "Gamb, Roper"]
[Result "0-1"]
[WhiteElo "1463"]
[BlackElo "2002"]
[PlyCount "54"]
[EventDate "2011.09.30"]
[EventType "tourn (corr)"]
[EventRounds "6"]
[EventCountry "GER"]
[SourceTitle "Telechess CBM 153"]
[Source "ChessBase"]
[SourceDate "2013.03.14"]
[SourceVersion "1"]
[SourceVersionDate "2013.03.14"]
[SourceQuality "1"]

1. d4 Nf6 2. c4 c5 3. d5 e6 4. Nc3 exd5 5. cxd5 d6 6. e4 g6 7. f4 Bg7 8. Nf3 0-0 9. Be2 Re8 10. e5 dxe5 11. fxe5 Ng4 12. Bg5 Qb6 13. 0-0 Nxe5 14. d6 Nxf3+ 15. Bxf3 Qxb2 16. Nd5 Bd4+ 17. Kh1 Qxa1 18. Qxa1 Bxa1 19. Rxa1 Nd7 20. Nc7 Re5 21. Bf4 Rb8 22. Bxe5 Nxe5 23. Re1 f6 24. Bd5+ Kf8 25. Rf1 Bf5 26. Ne6+ Bxe6 27. Bxe6 Rd8 0-1

[Event "SD-2011-0-00109"]
[Site "LSS email"]
[Date "2011.08.04"]
[Round "?"]
[White "Campbell, Iain S"]
[Black "Shapovalov, Dima"]
[Result "0-1"]
[WhiteElo "1463"]
[BlackElo "1744"]
[PlyCount "28"]
[EventDate "2011.06.29"]
[EventType "tourn (corr)"]
[EventRounds "6"]
[EventCountry "GER"]
[SourceTitle "Corr 2015"]
[Source "ChessBase"]
[SourceDate "2015.07.17"]
[SourceVersion "1"]
[SourceVersionDate "2015.07.17"]
[SourceQuality "1"]

1. d4 Nf6 2. Nc3 d5 3. Bg5 Nbd7 4. f3 h6 5. Bh4 c5 6. e4 dxe4 7. d5 exf3 8. Nxf3 g5 9. Bg3 a6 10. a4 Bg7 11. Qd2 0-0 12. h4 g4 13. Ne5 Nh5 14. Qe3 Nxg3 0-1